| 000 | 00000nas 2200000za 4500 |
| 001 | 9.817516 |
| 003 | CaOODSP |
| 005 | 20230228142125 |
| 007 | cr ||||||||||| |
| 008 | 160512d18931918oncar p oss f000#a0eng|d |
| 040 | |aCaOODSP|beng |
| 043 | |an-cn--- |
| 086 | 1 |aCS52-207E-PDF |
| 245 | 00|aRailway statistics of the Dominion of Canada for the year ended 30th June ... |h[electronic resource]. |
| 246 | 13|aSteam railways statistics of the Dominion of Canada for the year ended June 30, ... |f1901-1903 |
| 246 | 13|aElectric railway statistics of the Dominion of Canada for the year ended June 30, ... |f1904 |
| 260 | |a[Ottawa : |bKing's Printer, |c1894?]-1919. |
| 310 | |aAnnual |
| 362 | 0 |a1893-1918. |
| 490 | 0 |aSessional paper ; |vno. 20b |
| 500 | |aDigitized edition from print [produced by Statistics Canada]. |
| 500 | |aMost volumes contain two annual reports combined. |
| 550 | |aIssued by Department of Railways and Canals. |
| 692 | 07|2gccst|aRail transport |
| 692 | 07|2gccst|aRailway networks |
| 710 | 1 |aCanada. |bDominion Bureau of Statistics. |
| 710 | 1 |aCanada.|bDepartment of Railways and Canals. |
| 780 | 00|tRailway statistics of Canada, and capital, traffic and working expenditure of the railways of the Dominion |w(CaOODSP)9.844316 |
| 785 | 00|tRailway statistics for the year ended December 31, ... |w(CaOODSP)9.817519 |